000 00651nam a2200217 a 4500
001 73486
003 BD-RjUL
005 20211209082413.0
008 170601r19581955cauab b 001 0 eng
035 _a(BD-RjUL)73704
040 _aDLC
_cDLC
_dDLC
_dBD-RjUL
_beng
041 _aeng
082 0 0 _223
_a305.563309593
_bDEV 1958
100 1 _aDe Young, John E.
_9217424
245 1 0 _aVillage life in modern Thailand /
_cJohn E De Young
260 _aBerkeley :
_bUniversity of California Press,
_c1955.
300 _avi, 224 p. :
_bill. ;
_c24 cm.
504 _aIncludes Bibliography and index
650 0 _aPeasants
_zThailand.
_9217425
942 _2ddc
_cBK
999 _c73486
_d73486